Telemetria a prenos údajov /

Salvato in:
Dettagli Bibliografici
Autore principale: Bajcsy, Július (Autore)
Natura: Libro
Lingua:slovacco
Pubblicazione: Bratislava : STU v Bratislave, 1985
Edizione:1.vyd.
Tags: Aggiungi Tag
Nessun Tag, puoi essere il primo ad aggiungerne!!

MARC

LEADER 00000nam a22000003a 4500
001 stu6859
005 20150617225808.8
008 940719s1985----cs------------------slo-d
040 |a STU  |b slo 
041 0 |a slo 
044 |a cs 
100 1 |a Bajcsy, Július  |4 aut  |u E190  |U FEI Fakulta elektrotechniky a informatiky  |T FEI Katedra merania  |U E190  |Y 66 
245 1 |a Telemetria a prenos údajov /  |c [aut.] Bajcsy,Július 
250 |a 1.vyd. 
260 |a Bratislava :  |b STU v Bratislave,  |c 1985 
300 |a 257 s 
996 |b E58371  |c E*58371  |l EE01  |s A  |a 24  |w stu6859_0001